[Event "Match"]
[Site "www.echecsemail.com"]
[Date "2016.01.03"]
[Round "1"]
[White "Tonino1"]
[Black "Hundegana"]
[WhiteElo "1990"]
[BlackElo "1970"]
[Result "1-0"]
[Round "1"]
1.d4 g6
2.Ng1f3 Bf8g7
3.e3 d6
4.Bf1d3 Ng8f6
5.b3 O-O
6.Bc1b2 e6
7.Nb1d2 b6
8.O-O Bc8b7
9.Qd1e2 Nb8d7
10.c4 d5
11.Ra1c1 Ra8c8
12.c5 c6
13.e4 h6
14.e5 Nf6h7
15.h4 h5
16.g3 f5
17.Qe2e3 bxc5
18.dxc5 Rf8f7
19.Nf3d4 Rf7e7
20.Nd2f3 Qd8a5
21.Nf3g5 Nh7xg5
22.Qe3xg5 Kf7
23.f4 Rc8h8
24.Nd4xf5 exf5
25.e6 Re7xe6
26.Bb2xg7 Kxg7
27.Bd3xf5 Rh8e8
28.Bf5xe6 Re8xe6
29.f5 Re6f6
30.fxg6 Qa5xa2
31.Rf1xf6 Nd7xf6
32.Rc1e1 Nf6e4
33.Qg5e7 Kxg6
34.Re1f1 Qa2b2
35.Qe7f7 Kh6
36.Qf7e6 Kg7
37.Rf1f7 Kg8
38.Qe6e8 { resign }
1-0

[Event "1/16 Finale"]
[Site "www.chess-mail.com"]
[Date "2016.01.03"]
[Round "1"]
[White "Vega"]
[Black "Pgcbies"]
[WhiteElo "2580"]
[BlackElo "2710"]
[Result "0-1"]
[Round "1"]
1.e4 e5
2.Ng1f3 Nb8c6
3.Bf1b5 a6
4.Bb5xc6 dxc6
5.O-O Bc8g4
6.h3 h5
7.d3 Qd8f6
8.Nb1d2 Ng8e7
9.Rf1e1 Ne7g6
10.d4 Ng6f4
11.Kf1 Nf4xh3
12.dxe5 Qf6g6
13.gxh3 Bg4xh3
14.Ke2 Bh3g4
15.Re1h1 O-O-O
16.Kf1 h4
17.Qd1e1 Bf8c5
18.Rh1h2 Qg6h5
19.Nf3g1 h3
20.a3 f6
21.Ng1e2 Qh5xe5
22.Ne2g3 f5
23.Nd2c4 Qe5e6
24.Nc4d2 Rd8e8
25.b3 Qe6f6
26.Ra1b1 Qf6c3
27.b4 Bc5a7
28.Rb1b2 Kb8
29.Ng3e2 Qc3e5
30.Kg1 fxe4
31.Nd2f1 Bg4xe2
32.Qe1xe2 e3
33.Kh1 Rh8f8
34.f3 Qe5h5
35.Nf1xe3 Qh5xf3
36.Qe2xf3 Rf8xf3
37.Rh2e2 Ba7xe3
38.Re2e1 Re8e5
39.Bc1xe3 Re5xe3
40.Re1g1 Re3xa3
41.Rg1xg7 Rf3f2
42.Rb2b1 Rf2xc2
43.Kg1 Ra3a2
44.Rg7g4 Ka7
45.Rg4g3 Rc2b2
46.Rb1xb2 Ra2xb2
47.Rg3xh3 Rb2xb4
48.Rh3c3 a5
49.Kf2 a4
{ resign }
0-1

[Event "1/8 Finale"]
[Site "www.chess-mail.com"]
[Date "2016.01.03"]
[Round "1"]
[White "Seger"]
[Black "Vega"]
[WhiteElo "2730"]
[BlackElo "2590"]
[Result "1-0"]
[Round "1"]
1.d4 Ng8f6
2.c4 g6
3.Nb1c3 Bf8g7
4.e4 d6
5.f4 c5
6.d5 e6
7.dxe6 Bc8xe6
8.Bf1d3 Nb8c6
9.Ng1f3 O-O
10.f5 Be6d7
11.O-O Qd8b6
12.a3 Rf8e8
13.Bc1g5 Nc6d4
14.e5 Nd4xf3
15.Qd1xf3 Bd7c6
16.Qf3h3 Nf6g4
17.e6 Ng4e5
18.Ra1e1 fxe6
19.f6 Ne5f7
20.Bg5c1 Bg7h8
21.Qh3g4 Bh8xf6
22.Rf1xf6 Bc6e4
23.Re1xe4 Qb6c7
24.Rf6xg6 hxg6
25.Qg4xg6 { resign }
1-0

[Event "1/64 Finale"]
[Site "www.chess-mail.com"]
[Date "2016.01.03"]
[Round "1"]
[White "Maredocla"]
[Black "Lino"]
[WhiteElo "2130"]
[BlackElo "2350"]
[Result "0-1"]
[Round "1"]
1.b3 e5
2.Bc1b2 Nb8c6
3.e4 Ng8f6
4.Ng1f3 Nf6xe4
5.Bf1b5 Bf8c5
6.O-O O-O
7.Bb5xc6 dxc6
8.Bb2xe5 Rf8e8
9.Be5b2 Bc8g4
10.d3 Ne4xf2
11.Rf1xf2 Bg4xf3
12.gxf3 Qd8g5
13.Kf1 Re8e6
14.Rf2g2 Qg5h4
15.Bb2xg7 Re6g6
16.d4 Qh4h3
17.Qd1d2 Ra8e8
18.Bg7e5 Bc5xd4
19.Be5xd4 Qh3xf3
20.Kg1 Re8e1
{ resign }
0-1

[Event "Fast Game"]
[Site "www.echecsemail.com"]
[Date "2016.01.03"]
[Round "1"]
[White "Attatroll"]
[Black "Goosebumps"]
[WhiteElo "1760"]
[BlackElo "1880"]
[Result "0-1"]
[Round "1"]
1.d4 b6
2.e4 Bc8b7
3.f3 e6
4.Nb1c3 c5
5.d5 h6
6.Bf1b5 a6
7.Bb5e2 exd5
8.exd5 Ng8f6
9.d6 Qd8c8
10.Ng1h3 Qc8c6
11.Bc1f4 Nf6h5
12.O-O Nh5xf4
13.Nh3xf4 Bf8xd6
14.Nf4d5 O-O
15.Be2d3 b5
16.Bd3e4 Qc6c8
17.Nd5f6 gxf6
18.Be4xb7 Qc8xb7
19.Qd1xd6 Qb7c6
20.Ra1d1 Rf8d8
21.Nc3e4 Qc6xd6
22.Rd1xd6 Nb8c6
23.Ne4xf6 Kg7
24.Nf6xd7 Ra8a7
25.Rf1d1 Nc6d4
26.c3 Nd4f5
27.Rd6d3 c4
28.Rd3d2 Nf5e3
29.Rd1e1 Ne3xg2
30.Re1e7 Ng2f4
31.Nd7e5 Ra7xe7
32.Rd2xd8 Re7xe5
33.Rd8d7 Re5e2
34.Rd7d6 Re2xb2
35.Rd6xa6 Nf4e2
{ resign }
0-1

[Event "Tourn. n8519"]
[Site "www.chess-mail.com"]
[Date "2016.01.04"]
[Round "1"]
[White "Caspito"]
[Black "Expert"]
[WhiteElo "1800"]
[BlackElo "1890"]
[Result "0-1"]
[Round "1"]
1.e4 c5
2.b3 Nb8c6
3.Bc1b2 e5
4.Ng1f3 d6
5.Bf1b5 Ng8f6
6.Nb1c3 Bf8e7
7.h3 O-O
8.Qd1e2 Nc6d4
9.Nf3xd4 cxd4
10.Nc3d5 Nf6xd5
11.exd5 f5
12.O-O-O Be7f6
13.d3 a6
14.Bb5c6 bxc6
15.Qe2f3 c5
16.h4 a5
17.g3 a4
18.Qf3e2 axb3
19.cxb3 Rf8e8
20.Kb1 Bc8a6
21.Bb2c1 e4
22.Qe2d2 Ba6xd3
23.Ka1 Qd8b6
24.h5 c4
{ resign }
0-1

[Event "Tourn. n8538"]
[Site "www.chess-mail.com"]
[Date "2016.01.04"]
[Round "1"]
[White "Llcervello"]
[Black "Karpawn"]
[WhiteElo "1680"]
[BlackElo "1659"]
[Result "0-1"]
[Round "1"]
1.e4 c5
2.d3 Nb8c6
3.Bf1e2 e6
4.c3 d5
5.Nb1d2 Bf8d6
6.Qd1a4 Bc8d7
7.Qa4d1 Ng8f6
8.Ng1f3 O-O
9.b3 b5
10.O-O a5
11.a4 b4
12.g3 bxc3
13.Nd2b1 d4
14.h3 e5
15.Nb1a3 Bd7xh3
16.Rf1e1 Nc6b4
17.Na3c4 Rf8e8
18.Nf3g5 Bh3c8
19.Be2h5 Ra8a7
20.Bh5xf7 Ra7xf7
21.Ng5xf7 Kxf7
22.Bc1g5 Bd6c7
23.Kf1 Qd8d7
24.Ke2 Qd7h3
25.Re1g1 Bc8g4
26.f3 Qh3h2
27.Kf1 Bg4h3
28.Ke1 Qh2xg1
29.Ke2 Qg1g2
30.Ke1 Qg2f1

0-1

[Event "Tourn. n8497"]
[Site "www.chess-mail.com"]
[Date "2016.01.04"]
[Round "1"]
[White "Expert"]
[Black "Falcoale"]
[WhiteElo "1840"]
[BlackElo "1900"]
[Result "1/2-1/2"]
[Round "1"]
1.d4 Ng8f6
2.c4 e6
3.Nb1c3 b6
4.e4 Bc8b7
5.Bf1d3 Bf8b4
6.Qd1e2 O-O
7.Bc1g5 h6
8.Bg5xf6 Qd8xf6
9.Ng1f3 d5
10.e5 Qf6e7
11.O-O Qe7d8
12.cxd5 Bb4xc3
13.bxc3 Bb7xd5
14.Bd3e4 Bd5xe4
15.Qe2xe4 Nb8d7
16.Rf1d1 f5
17.Qe4e3 { draw }
1/2-1/2

[Event "Tourn. n8571"]
[Site "www.chess-mail.com"]
[Date "2016.01.04"]
[Round "1"]
[White "Mitja"]
[Black "Bojan"]
[WhiteElo "1910"]
[BlackElo "2060"]
[Result "0-1"]
[Round "1"]
1.d4 d5
2.e3 Qd8d6
3.h3 Bc8f5
4.Ng1e2 Nb8c6
5.Ne2g3 Bf5g6
6.c3 a6
7.Nb1d2 e5
8.dxe5 Nc6xe5
9.Nd2b3 Ng8f6
10.Bf1e2 Nf6e4
11.Ng3xe4 Bg6xe4
12.f3 Be4g6
13.Nb3d4 Bf8e7
14.O-O Qd6f6
15.Qd1e1 c5
16.Nd4b3 b6
17.Bc1d2 Be7d6
18.Ra1d1 Ne5d3
19.Be2xd3 Bg6xd3
20.Bd2c1 Bd3xf1
21.Qe1xf1 O-O
22.Qf1f2 Rf8e8
23.Rd1e1 Ra8a7
24.Nb3d2 Ra7e7
25.Nd2f1 d4
26.cxd4 cxd4
27.e4 Bd6c5
28.Kh1 Re7xe4
29.Re1xe4 Re8xe4
30.Nf1d2 Re4e6
31.Qf2g3 Bc5d6
32.Qg3f2 d3
33.Qf2f1 Qf6f4
{ resign }
0-1

[Event "Tourn. n8533"]
[Site "www.chess-mail.com"]
[Date "2016.01.04"]
[Round "1"]
[White "Gatrooper"]
[Black "Duff"]
[WhiteElo "1600"]
[BlackElo "1740"]
[Result "0-1"]
[Round "1"]
1.e4 e5
2.a3 Ng8f6
3.Nb1c3 Nb8c6
4.h3 Bf8e7
5.d3 O-O
6.Ng1f3 d6
7.Bc1d2 Rf8e8
8.Nf3g5 Nc6d4
9.Bd2e3 c5
10.Be3xd4 exd4
11.Nc3d5 Nf6xd5
12.exd5 Be7xg5
13.Bf1e2 Qd8a5
14.Kf1 Bc8f5
15.b4 cxb4
16.axb4 Qa5xb4
17.Ra1b1 Qb4c5
18.Be2f3 b6
19.g4 Bf5d7
20.c4 a5
21.h4 Bg5f4
22.g5 a4
23.Bf3e4 a3
24.g6 fxg6
25.h5 Bd7a4
26.Qd1g4 g5
27.Qg4f5 Re8xe4
28.dxe4 Qc5xc4
29.Kg2 a2
30.Rb1a1 Ba4c2
31.Qf5e6 Kh8
32.h6 Ra8g8
33.hxg7 Rg8xg7
34.Qe6e8 Rg7g8
35.Qe8e7 Rg8g7
36.Qe7f8 Rg7g8
37.Qf8h6 Bc2xe4
38.f3 Qc4e2
39.Kh3 Qe2xf3
{ resign }
0-1

[Event "Tourn. n8438"]
[Site "www.chess-mail.com"]
[Date "2016.01.04"]
[Round "1"]
[White "Libiesse"]
[Black "Cardiff"]
[WhiteElo "2040"]
[BlackElo "1800"]
[Result "0-1"]
[Round "1"]
1.d4 d5
2.c4 e6
3.Ng1f3 Ng8f6
4.Bc1g5 c6
5.Qd1b3 Nb8d7
6.cxd5 exd5
7.Nb1c3 Bf8e7
8.e3 Qd8b6
9.Qb3xb6 axb6
10.Bf1d3 b5
11.O-O h6
12.Bg5h4 g5
13.Bh4g3 O-O
14.h3 Be7b4
15.Rf1c1 Rf8e8
16.a3 Bb4xc3
17.Rc1xc3 Nf6e4
18.Bd3xe4 Re8xe4
19.Nf3d2 Re4e8
20.Ra1e1 Nd7f6
21.Bg3e5 Nf6d7
22.Be5h2 Nd7f6
23.f3 Bc8f5
24.Nd2b3 Nf6d7
25.Nb3d2 f6
26.Kf2 Bf5g6
27.e4 dxe4
28.fxe4 Nd7b6
29.Nd2f3 Re8xe4
30.Re1xe4 Bg6xe4
31.Nf3d2 Be4d5
32.Rc3e3 Kf7
33.Nd2e4 Bd5xe4
34.Re3xe4 Nb6c4
35.Re4e2 Ra8e8
36.Re2xe8 Kxe8
37.Ke2 Nc4xb2
38.Bh2d6 Nb2c4
39.Bd6b4 Kf7
40.Kd3 Ke6
41.g4 f5
42.Bb4f8 fxg4
43.hxg4 Kf6
44.d5 cxd5
45.Kd4 Kg6
46.Kxd5 h5
47.gxh5 Kxh5
48.Bf8b4 g4
49.Kc5 g3
50.Kxb5 g2
51.Bb4c5 Nc4xa3
52.Kb4 Na3c2
53.Kb5 Nc2e1
54.Kb6 Ne1d3
55.Bc5d4 Kg4
56.Kxb7 Kf3
57.Kc8 Nd3f2
{ resign }
0-1

[Event "Tourn. n8557"]
[Site "www.chess-mail.com"]
[Date "2016.01.04"]
[Round "1"]
[White "Bojan"]
[Black "Tonino1"]
[WhiteElo "2080"]
[BlackElo "2010"]
[Result "1-0"]
[Round "1"]
1.d4 Ng8f6
2.Qd1d3 g6
3.e4 d6
4.Bf1e2 Bf8g7
5.f4 O-O
6.Nb1c3 c6
7.e5 dxe5
8.dxe5 Qd8xd3
9.cxd3 Bc8f5
10.exf6 Bg7xf6
11.Nc3e4 Bf6g7
12.Ra1b1 Nb8d7
13.Bc1e3 Nd7f6
14.Ne4g3 Bf5e6
15.b3 Rf8d8
16.Ng1f3 Nf6g4
17.Be3c5 Rd8d7
18.h3 Ng4f6
19.O-O Nf6d5
20.Nf3g5 Nd5c3
21.Rb1e1 Nc3xe2
22.Re1xe2 Rd7xd3
23.Ng5xe6 fxe6
24.Ng3e4 Bg7d4
25.Bc5xd4 Rd3xd4
26.Ne4g5 Rd4d6
27.Ng5xe6 Kf7
28.Ne6g5 Kg8
29.Re2xe7 Ra8b8
30.Ng5xh7 Rd6d2
31.f5 gxf5
32.Rf1xf5 Rd2xa2
33.Rf5f7 Kh8
34.Nh7f6 { resign }
1-0

[Event "Tourn. n8532"]
[Site "www.chess-mail.com"]
[Date "2016.01.04"]
[Round "1"]
[White "Tonino1"]
[Black "Neo"]
[WhiteElo "1990"]
[BlackElo "1880"]
[Result "0-1"]
[Round "1"]
1.d4 d5
2.Ng1f3 e6
3.e3 g6
4.Bf1d3 Bf8g7
5.b3 Ng8f6
6.Bc1b2 Nf6e4
7.Nb1d2 Ne4xd2
8.Qd1xd2 O-O
9.O-O c6
10.Nf3e5 b5
11.f4 a5
12.Rf1f3 a4
13.a3 Nb8d7
14.Ne5xc6 Qd8e8
15.Bd3xb5 Nd7f6
16.Qd2b4 axb3
17.cxb3 Bc8d7
18.Ra1c1 Ra8c8
19.Nc6a7 Rc8xc1
20.Bb2xc1 Bd7xb5
21.Qb4xb5 Qe8e7
22.Qb5c5 Qe7b7
23.b4 Nf6d7
24.Qc5c2 Qb7xa7
25.a4 Nd7b6
26.a5 Nb6c4
27.Qc2a4 Rf8b8
28.Rf3f2 Bg7f8
29.b5 Qa7a8
30.Rf2a2 Bf8d6
31.b6 Qa8a6
32.e4 dxe4
33.Qa4d7 Bd6f8
34.g4 Nc4xa5
35.Bc1d2 Qa6xb6
36.Ra2xa5 Qb6b1
37.Kf2 Rb8b2
38.Ra5a7 Rb2xd2
39.Kg3 Qb1g1
40.Kh4 Qg1xh2
41.Kg5 Qh2h6
42.Kf6 Qh6xf4

0-1

[Event "Tourn. n8420"]
[Site "www.chess-mail.com"]
[Date "2016.01.04"]
[Round "1"]
[White "Fkarpov"]
[Black "Falcoale"]
[WhiteElo "2080"]
[BlackElo "1920"]
[Result "1-0"]
[Round "1"]
1.e4 c5
2.Ng1f3 Nb8c6
3.Bf1c4 e6
4.d3 a6
5.a3 b5
6.Bc4a2 Bc8b7
7.O-O Ng8f6
8.c4 Nc6d4
9.Nf3xd4 cxd4
10.cxb5 axb5
11.Rf1e1 Bf8e7
12.Nb1d2 O-O
13.Nd2f3 Be7c5
14.b4 Bc5a7
15.Bc1g5 h6
16.Bg5xf6 Qd8xf6
17.e5 Qf6d8
18.Ra1c1 d5
19.Qd1d2 Qd8e7
20.g3 f5
21.Nf3h4 Ba7b8
22.Nh4f3 Bb8a7
23.Qd2b2 Ra8c8
24.Rc1xc8 Rf8xc8
25.Re1c1 Rc8xc1
26.Qb2xc1 g5
27.Kg2 Ba7b6
28.Qc1b2 h5
29.Nf3xd4 h4
30.Nd4f3 hxg3
31.hxg3 Qe7f7
32.Nf3xg5 Qf7g6
33.f4 Bb6d8
34.Ng5f3 Qg6g4
35.Qb2d4 Bb7c8
36.Ba2xd5 exd5
37.Qd4xd5 Kh7
38.Qd5xd8 Qg4g8
39.Nf3g5 Kh6
40.Qd8xg8 { resign }
1-0

[Event "Tourn. n8567"]
[Site "www.chess-mail.com"]
[Date "2016.01.04"]
[Round "1"]
[White "Bojan"]
[Black "Mitja"]
[WhiteElo "2060"]
[BlackElo "1910"]
[Result "0-1"]
[Round "1"]
1.d4 d5
2.e3 e6
3.c4 dxc4
4.Bf1xc4 c6
5.Ng1f3 Nb8d7
6.Bc1d2 Nd7b6
7.Bc4d3 Ng8f6
8.Bd2a5 Bf8d6
9.e4 Bd6c7
10.Nb1d2 Nb6d7
11.Ba5c3 Bc7a5
12.Ra1c1 Ba5xc3
13.bxc3 Nd7b6
14.a4 Nb6d7
15.Nd2c4 Nd7b6
16.O-O O-O
17.Nc4xb6 Qd8xb6
18.e5 Nf6d5
19.c4 Nd5e7
20.c5 Qb6c7
21.Nf3g5 Ne7g6
22.Qd1h5 h6
23.Ng5h3 Rf8d8
24.Qh5g4 Ng6xe5
25.Qg4f4 Rd8d7
26.Bd3c2 Ne5g6
27.Qf4d2 b6
28.Bc2e4 Bc8b7
29.Rf1e1 bxc5
30.Rc1xc5 Ra8d8
31.Rc5c4 Ng6e5
32.Rc4b4 a5
33.Rb4xb7 Qc7xb7
34.Qd2c3 Rd7xd4
35.Be4c2 Qb7b4
36.Qc3a1 c5
37.g3 Ne5f3
38.Kg2 Nf3xe1
39.Qa1xe1 Qb4xe1
{ resign }
0-1

[Event "Tourn. n8516"]
[Site "www.chess-mail.com"]
[Date "2016.01.04"]
[Round "1"]
[White "Neo"]
[Black "Expert"]
[WhiteElo "1860"]
[BlackElo "1850"]
[Result "1/2-1/2"]
[Round "1"]
1.d4 d5
2.e3 Ng8f6
3.g3 g6
4.Bf1g2 Bf8g7
5.b3 O-O
6.Ng1f3 Nf6e4
7.Nf3e5 c5
8.Bc1b2 f6
9.Ne5d3 cxd4
10.Bb2xd4 e5
11.Bd4c5 Rf8e8
12.O-O Nb8a6
13.Bc5a3 Bc8e6
14.c4 f5
15.Ba3b2 dxc4
16.Nd3xe5 cxb3
17.Qd1xd8 Ra8xd8
18.axb3 Be6xb3
19.Ra1a5 Bb3c2
{ draw }
1/2-1/2

[Event "Tourn. n8537"]
[Site "www.chess-mail.com"]
[Date "2016.01.04"]
[Round "1"]
[White "Raven16"]
[Black "Faerieking"]
[WhiteElo "2010"]
[BlackElo "2270"]
[Result "1-0"]
[Round "1"]
1.d4 d5
2.c4 e5
3.dxe5 d4
4.Ng1f3 Nb8c6
5.a3 Bc8g4
6.Bc1f4 Ng8e7
7.e3 Ne7f5
8.Bf1e2 Qd8e7
9.exd4 Bg4xf3
10.Be2xf3 Nf5xd4
11.Bf3xc6 Nd4xc6
12.O-O g6
13.Nb1c3 Bf8g7
14.Nc3d5 Qe7d7
15.e6 { resign }
1-0

[Event "Tourn. n8510"]
[Site "www.chess-mail.com"]
[Date "2016.01.04"]
[Round "1"]
[White "Terrible"]
[Black "Genius7"]
[WhiteElo "2290"]
[BlackElo "2050"]
[Result "1/2-1/2"]
[Round "1"]
1.d4 d5
2.Ng1f3 c6
3.c4 e6
4.e3 f5
5.Nf3e5 Ng8f6
6.Nb1c3 Bf8d6
7.Bf1d3 O-O
8.O-O Nf6e4
9.f4 Rf8f6
10.Bd3xe4 fxe4
11.c5 Bd6xe5
12.fxe5 Rf6xf1
13.Qd1xf1 Qd8f8
14.Bc1d2 { draw }
1/2-1/2

[Event "Tourn. n8551"]
[Site "www.chess-mail.com"]
[Date "2016.01.04"]
[Round "1"]
[White "Yangqi"]
[Black "Cathar"]
[WhiteElo "2620"]
[BlackElo "2250"]
[Result "1-0"]
[Round "1"]
1.e4 c5
2.Ng1f3 d6
3.Bf1b5 Nb8c6
4.Bb5xc6 bxc6
5.O-O e5
6.c3 f5
7.exf5 Bf8e7
8.Qd1a4 Bc8d7
9.d3 Ng8f6
10.Nb1d2 O-O
11.g4 Nf6xg4
12.Qa4xg4 Bd7xf5
13.Qg4g3 Bf5xd3
14.Nf3d4 cxd4
15.Qg3xd3 dxc3
16.Qd3xc3 Qd8d7
17.Nd2e4 d5
18.Ne4g3 Be7d6
19.Bc1e3 Rf8f6
20.Ra1c1 Bd6c7
21.b4 { resign }
1-0

[Event "Tourn. n8409"]
[Site "www.chess-mail.com"]
[Date "2016.01.04"]
[Round "1"]
[White "Dspillman"]
[Black "Emiondi"]
[WhiteElo "1610"]
[BlackElo "1499"]
[Result "0-1"]
[Round "1"]
1.e4 e5
2.Ng1f3 Nb8c6
3.Bf1b5 a6
4.Bb5xc6 dxc6
5.Nf3xe5 Qd8d4
6.Ne5xf7 Qd4xe4
7.Qd1e2 Qe4xe2
8.Kxe2 Kxf7
9.Rh1e1 Bc8f5
10.d3 Ng8f6
11.Kf1 Bf8d6
12.Bc1d2 Rh8e8
13.Nb1c3 Nf6d5
14.Nc3e4 h6
15.h3 b5
16.Re1e2 Nd5f6
17.Ne4g3 Bd6xg3
18.fxg3 Re8xe2
19.Kxe2 Ra8e8
20.Kf3 g5
21.Ra1f1 Kg6
22.g4 Bf5d7
23.Kg3 Nf6d5
24.c4 Re8e2
25.Bd2c1 Nd5e3
26.Bc1xe3 Re2xe3
27.Kf2 Re3xd3
28.b3 Rd3d2
29.Ke3 Rd2xa2
30.g3 c5
31.cxb5 Bd7xb5
32.Rf1c1 Ra2e2
33.Kf3 Re2e5
34.h4 a5
35.Rc1c3 Bb5e2
36.Kf2 Be2xg4
37.Rc3c4 Bg4e6
38.Rc4a4 Be6xb3
39.Ra4xa5 Kf5
40.Ra5a6 gxh4
41.gxh4 h5
42.Kg3 Ke4
43.Ra6c6 c4
44.Rc6xc7 Kd4
45.Kf4 c3
46.Rc7d7 Re5d5
47.Rd7b7 c2
48.Rb7c7 Rd5c5
49.Rc7d7 Kc3
50.Rd7e7 c1Q
51.Kf3 Rc5f5
52.Kg2 Qc1f1
53.Kg3 Qf1g1
54.Kh3 Rf5f3

0-1

[Event "Tourn. n8429"]
[Site "www.chess-mail.com"]
[Date "2016.01.04"]
[Round "1"]
[White "Andychesston"]
[Black "Bojan"]
[WhiteElo "2030"]
[BlackElo "2040"]
[Result "0-1"]
[Round "1"]
1.e4 e5
2.Ng1f3 d6
3.d4 exd4
4.Nf3xd4 a6
5.Nb1c3 c6
6.Bf1e2 g6
7.Bc1e3 Bf8g7
8.Qd1d2 Nb8d7
9.O-O-O Nd7e5
10.f4 Ne5g4
11.h3 Ng4xe3
12.Qd2xe3 Ng8e7
13.e5 d5
14.e6 O-O
15.exf7 Rf8xf7
16.Nd4e6 Bc8xe6
17.Qe3xe6 Bg7xc3
18.bxc3 Qd8f8
19.g3 Ra8e8
20.Qe6e3 Ne7f5
21.Qe3d3 Rf7e7
22.Be2g4 Re7e3
23.Qd3d2 Nf5xg3
24.f5 Qf8a3
25.Kb1 Ng3e2
26.Bg4xe2 Re3xe2
27.Qd2c1 Qa3c5
28.Rd1d4 Re2g2
29.f6 Rg2f2
30.Rh1f1 Re8e2
31.Rd4f4 Re2xc2
32.Qc1xc2 Rf2xc2
33.f7 Kf8
34.Kxc2 Qc5e3
35.Rf4f3 Qe3e2
36.Kb1 c5
37.Rf1f2 Qe2e1
38.Kc2 b5
39.Rf2d2 Qe1e4
40.Rd2d3 c4
41.Rf3e3 cxd3
42.Kd2 Qe4f4
43.Kxd3 Qf4xf7
44.Kd4 Kg7
45.Re3e5 Qf7f4
46.Kxd5 Qf4c4
47.Kd6 Qc4xc3
48.Re5e7 Kh6
49.Re7c7 Qc3a3
50.Kc6 Qa3xa2
51.Kb6 b4
52.Rc7c4 Qa2xc4
53.Kb7 Qc4e6
54.Ka7 Qe6c6
55.h4 Kg7
56.h5 b3
{ resign }
0-1

[Event "Tourn. n8527"]
[Site "www.chess-mail.com"]
[Date "2016.01.04"]
[Round "1"]
[White "Xkafi"]
[Black "Goosebumps"]
[WhiteElo "2030"]
[BlackElo "2180"]
[Result "0-1"]
[Round "1"]
1.e4 e6
2.d4 d5
3.e5 c5
4.Ng1f3 cxd4
5.Nf3xd4 Qd8c7
6.Qd1h5 Ng8e7
7.Bf1b5 Bc8d7
8.Bb5xd7 Nb8xd7
9.Nd4xe6 Qc7xc2
10.Nb1a3 Qc2e4
11.Bc1e3 Qe4xg2
12.Ke2 g6
13.Ne6f4 Qg2xh1
14.Ra1xh1 gxh5
15.Nf4xh5 Rh8g8
16.Na3b5 Ra8c8
17.Nb5d6 Kd8
18.Nd6xf7 Kc7
19.Be3xa7 b6
20.Nf7d6 Rc8a8
21.Rh1c1 Ne7c6
22.Ba7xb6 Kxb6
{ resign }
0-1

[Event "Tourn. n8408"]
[Site "www.chess-mail.com"]
[Date "2016.01.04"]
[Round "1"]
[White "Aperturaf"]
[Black "Tartan"]
[WhiteElo "2390"]
[BlackElo "2450"]
[Result "1-0"]
[Round "1"]
1.e4 c5
2.Ng1f3 e6
3.c3 Nb8c6
4.d3 d5
5.Qd1e2 dxe4
6.dxe4 e5
7.Qe2c2 Ng8f6
8.Bf1c4 Bf8e7
9.Bc1e3 a6
10.h3 b5
11.Bc4e2 O-O
12.O-O Bc8b7
13.Nb1d2 c4
14.b3 cxb3
15.axb3 Ra8c8
16.Qc2b2 Nf6h5
17.g3 Qd8d7
18.Nf3h4 Nh5f6
19.Nh4f5 b4
20.c4 Rf8e8
21.g4 Rc8d8
22.Rf1d1 Nc6d4
23.Nd2f3 Nd4xe2
24.Qb2xe2 Qd7c7
25.Be3g5 h6
26.Bg5h4 Kh7
27.Bh4xf6 Be7xf6
28.Qe2c2 g6
29.Nf5e3 Bf6g7
30.Ra1c1 Qc7c5
31.Ne3d5 a5
32.Nf3e1 Bb7c6
33.Qc2e2 Kg8
34.Ne1d3 Qc5a7
35.Rc1a1 Rd8b8
36.Qe2e1 Bc6xd5
37.cxd5 Re8d8
38.Nd3xb4 { resign }
1-0

[Event "Tourn. n8551"]
[Site "www.chess-mail.com"]
[Date "2016.01.04"]
[Round "1"]
[White "Cathar"]
[Black "Faerieking"]
[WhiteElo "2270"]
[BlackElo "2260"]
[Result "1-0"]
[Round "1"]
1.d4 d5
2.Ng1f3 Bc8f5
3.c4 c6
4.Nb1c3 e6
5.Qd1b3 Qd8c7
6.Bc1f4 Qc7b6
7.c5 Qb6xb3
8.axb3 Nb8d7
9.b4 Ng8f6
10.e3 Bf8e7
11.b5 O-O
12.bxc6 bxc6
13.Bf1a6 e5
14.Nf3xe5 Nf6h5
15.Ne5xd7 Nh5xf4
16.Nd7xf8 { resign }
1-0

[Event "Tourn. n8523"]
[Site "www.chess-mail.com"]
[Date "2016.01.04"]
[Round "1"]
[White "Odin"]
[Black "Tonino1"]
[WhiteElo "1840"]
[BlackElo "1990"]
[Result "0-1"]
[Round "1"]
1.d4 Ng8f6
2.c4 g6
3.g3 Bf8g7
4.Bf1g2 c6
5.e4 d5
6.e5 Nf6g4
7.Bg2h3 Ng4h6
8.Bc1g5 Bc8g4
9.f3 Bg4xh3
10.Ng1xh3 Qd8d7
11.Nh3f2 Qd7f5
12.Qd1c1 Nh6g8
13.Bg5f4 Qf5h5
14.Nb1d2 Bg7h6
15.g4 Qh5h4
16.Bf4xh6 Ng8xh6
17.cxd5 O-O
18.Qc1c5 b6
19.Qc5c4 Rf8c8
20.Nd2e4 Kg7
21.d6 e6
22.Ne4f6 Nh6g8
23.d7 Rc8d8
24.Nf6e8 Kh8
25.Ne8c7 Nb8xd7
26.Nc7xa8 Rd8xa8
27.Qc4xc6 Ra8d8
28.Ra1c1 Ng8e7
29.Qc6b7 Ne7d5
30.Qb7xa7 Nd5b4
31.Rc1c3 Nb4d5
32.Rc3d3 Nd5f4
33.Rd3d2 Nd7xe5
34.Kf1 Ne5xf3
35.Rd2c2 Nf3xh2
36.Rh1xh2 Qh4xh2
37.Qa7xf7 Qh2g2
38.Ke1 Qg2g1
39.Kd2 Qg1xf2
40.Kc3 Qf2xd4
41.Kb3 Qd4d5
42.Kc3 Rd8c8
{ resign }
0-1

[Event "Tourn. n8505"]
[Site "www.chess-mail.com"]
[Date "2016.01.04"]
[Round "1"]
[White "Expert"]
[Black "Bojan"]
[WhiteElo "1850"]
[BlackElo "2000"]
[Result "1/2-1/2"]
[Round "1"]
1.d4 g6
2.g3 Bf8g7
3.Bf1g2 c6
4.c3 d5
5.Ng1f3 Ng8f6
6.O-O Bc8f5
7.Nf3e5 Nf6d7
8.Ne5xd7 Nb8xd7
9.Nb1a3 e5
10.dxe5 Bg7xe5
11.Na3c2 h5
12.Nc2d4 Qd8f6
13.Nd4xf5 Qf6xf5
14.Qd1d3 Qf5e6
15.e4 dxe4
16.Qd3xe4 O-O-O
17.f4 Be5c7
18.Qe4xe6 fxe6
19.Rf1e1 e5
20.fxe5 Bc7xe5
21.Bc1g5 Be5f6
22.Bg5e3 Nd7e5
23.Be3d4 Rd8e8
24.Bd4xe5 { draw }
1/2-1/2

[Event "Tourn. n8518"]
[Site "www.chess-mail.com"]
[Date "2016.01.04"]
[Round "1"]
[White "Mitja"]
[Black "Expert"]
[WhiteElo "1900"]
[BlackElo "1890"]
[Result "0-1"]
[Round "1"]
1.d4 f5
2.e3 Ng8f6
3.c3 d5
4.Ng1f3 e6
5.Nb1d2 c5
6.dxc5 Bf8xc5
7.Nd2b3 Bc5b6
8.Bf1e2 O-O
9.Nf3e5 Nb8c6
10.Ne5xc6 bxc6
11.Nb3d4 Bb6xd4
12.Qd1xd4 Qd8b6
13.Qd4d3 a5
14.b3 Bc8a6
15.Qd3c2 Ba6xe2
16.Kxe2 c5
17.c4 Rf8d8
18.Bc1b2 d4
19.exd4 cxd4
20.Rh1d1 e5
21.f3 e4
22.fxe4 fxe4
23.Ke1 d3
24.Qc2f2 e3
25.Qf2f3 Qb6b4
{ resign }
0-1

[Event "Tourn. n8518"]
[Site "www.chess-mail.com"]
[Date "2016.01.04"]
[Round "1"]
[White "Expert"]
[Black "Caspito"]
[WhiteElo "1890"]
[BlackElo "1800"]
[Result "1/2-1/2"]
[Round "1"]
1.Nb1c3 d5
2.d4 Ng8f6
3.Bc1g5 e6
4.e4 Bf8e7
5.e5 Nf6e4
6.Nc3xe4 dxe4
7.Bg5xe7 Qd8xe7
8.Qd1d2 c5
9.Bf1b5 Bc8d7
10.Bb5xd7 Nb8xd7
11.c3 O-O
12.Ng1e2 Ra8d8
13.Qd2e3 c4
14.a4 Nd7b6
15.Qe3xe4 Nb6d5
16.O-O Qe7g5
17.f4 Qg5g4
18.Qe4f3 Qg4g6
19.Kh1 f5
20.Qf3g3 Qg6xg3
21.Ne2xg3 Nd5e3
22.Rf1f2 g6
23.Rf2e2 Ne3d5
24.Re2f2 { draw }
1/2-1/2

[Event "Tourn. n8437"]
[Site "www.chess-mail.com"]
[Date "2016.01.04"]
[Round "1"]
[White "Neo"]
[Black "Ditto"]
[WhiteElo "1810"]
[BlackElo "1830"]
[Result "1-0"]
[Round "1"]
1.d4 d5
2.e3 Ng8f6
3.g3 Bc8f5
4.Bf1g2 e6
5.Ng1f3 Nb8c6
6.Nf3e5 Nc6xe5
7.O-O Bf5g4
8.Qd1e1 Ne5c4
9.b3 Nc4b6
10.a4 a5
11.Bc1d2 Bf8e7
12.Bd2xa5 Nb6d7
13.Ba5c3 O-O
14.Nb1d2 Ra8b8
15.Nd2f3 Nf6e4
16.Nf3e5 Nd7xe5
17.dxe5 Ne4g5
18.Bc3d4 c5
19.Bd4c3 Qd8c7
20.a5 Rb8a8
21.Bc3b2 Qc7d7
22.Qe1c1 Ra8b8
23.c3 Be7d8
24.Bb2a3 Rb8c8
25.b4 cxb4
26.Ba3xb4 Rf8e8
27.a6 bxa6
28.Ra1xa6 Bd8c7
29.Bb4d6 Bg4e2
30.Rf1e1 Be2xa6
31.Bg2f1 Ba6xf1
32.Re1xf1 Bc7xd6
33.exd6 Qd7xd6
34.Rf1d1 Ng5f3
35.Kg2 Nf3g5
36.e4 Ng5xe4
37.c4 Rc8xc4
38.Qc1e3 Re8c8
39.Qe3a7 Rc4c2
40.Rd1f1  { time }
1-0

[Event "Tourn. n8380"]
[Site "www.chess-mail.com"]
[Date "2016.01.04"]
[Round "1"]
[White "Ericleo1980"]
[Black "Madz123456"]
[WhiteElo "2330"]
[BlackElo "2220"]
[Result "0-1"]
[Round "1"]
1.e4 c5
2.Ng1f3 e6
3.d4 cxd4
4.Nf3xd4 Ng8f6
5.Nb1c3 d6
6.Bc1e3 Bf8e7
7.f3 a6
8.Qd1d2 O-O
9.g4 Nb8c6
10.h4 Nc6xd4
11.Qd2xd4 b5
12.g5 Nf6d7
13.O-O-O Qd8a5
14.Kb1 Bc8b7
15.f4 Ra8c8
16.h5 b4
17.Nc3e2 e5
18.fxe5 Nd7xe5
19.Ne2g3 Ne5f3
20.Qd4d3 Be7xg5
21.Ng3f5 Rf8e8
22.Nf5g3 Nf3e1
23.Rd1xe1 b3
24.Bf1h3 Qa5xa2
25.Kc1 Rc8xc2
26.Qd3xc2 Bg5xe3
27.Re1xe3 bxc2
28.Kxc2 Bb7c6
29.Re3a3 Qa2c4
30.Ra3c3 Bc6xe4
31.Kc1 Qc4a4
32.Ng3xe4 Qa4a1
33.Kc2 Qa1xh1
34.Ne4xd6 Qh1h2
{ resign }
0-1

[Event "Tourn. n8481"]
[Site "www.chess-mail.com"]
[Date "2016.01.04"]
[Round "1"]
[White "Chiccogianca"]
[Black "Goosebumps"]
[WhiteElo "2040"]
[BlackElo "2130"]
[Result "1/2-1/2"]
[Round "1"]
1.b3 d5
2.Bc1b2 c5
3.g3 Nb8c6
4.Bf1g2 e5
5.e3 Ng8f6
6.d3 Bf8e7
7.Ng1e2 O-O
8.Nb1d2 Bc8e6
9.O-O Qd8d7
10.a3 Be6h3
11.Kh1 Ra8d8
12.Ne2g1 Bh3xg2
13.Kxg2 d4
14.e4 Nf6e8
15.Ng1e2 f5
16.exf5 Rf8xf5
17.Nd2e4 Rf5h5
18.h4 Ne8c7
19.Ne2xd4 Rh5xh4
20.gxh4 exd4
21.Rf1h1 Rd8f8
22.Qd1e2 b6
23.Ra1g1 Nc7e6
24.Bb2c1 Rf8f4
25.Kf1 Rf4f5
26.Bc1g5 Be7xg5
27.Ne4xg5 Ne6f4
28.Qe2d2 Nc6e5
29.Rg1g3 Rf5f8
30.a4 h6
31.Ng5e4 Nf4d5
32.Ke2 Qd7e6
33.Rh1h3 Nd5c3
34.Kf1 Ne5g4
35.Ne4xc3 Rf8xf2
36.Qd2xf2 Ng4xf2
37.Kxf2 dxc3
38.h5 Qe6f5
39.Ke2 Qf5f4
40.Rg3e3 Qf4g5
41.Kf2 Qg5f5
{ draw }
1/2-1/2